| 000 | 01337nam a22002895i 4500 | ||
|---|---|---|---|
| 001 | 176733 | ||
| 003 | ES-MaACL | ||
| 005 | 20230906220153.0 | ||
| 008 | 110204s1960 fr ab |||| | fre d | ||
| 080 | _a613.26(460) | ||
| 080 | _a635.65(460) | ||
| 080 | _a613.26(560) | ||
| 080 | _a635.65(560) | ||
| 245 | 0 | 0 |
_aOrganisation du marché des fruits et légumes en Espagne et en Turquie _b: 2e supplément à la publication: "Organisation du marché des fruits et légumes en Europe" : projets nº 5/16 et 6/10. |
| 260 |
_a[Paris] : _bAgence Européenne de Productivité, Division de l'action technique et de la productivité dans l'agriculture et l'alimentation, Organisation Européenne de Coopération Économique, _c1960. |
||
| 300 |
_a90 p. : _bil. bl. y n. ; _c27 cm. |
||
| 490 | 1 |
_aAlimentation et agriculture documentation. Série 1960 ; _v29 |
|
| 546 | _aTexto en francés. | ||
| 650 | 0 | 4 |
_aFrutas- _zEspaña. _9145042 |
| 650 | 0 | 4 |
_aLegumbres- _zEspaña. _9145043 |
| 650 | 4 |
_aFrutas- _zTurquía. _9145044 |
|
| 650 | 4 |
_aLegumbres- _zTurquía. _9145045 |
|
| 710 | 0 |
_aOrganización de Cooperación y Desarrollo Económico. _bAgencia Europea de Productividad. _96056 |
|
| 830 | 0 |
_aAlimentation et agriculture documentation. Série 1960 ; _v29 _9190213 |
|
| 852 |
_aES-MaACL _jE-14193 _xOlim P-969-bis |
||
| 999 |
_c176733 _d176733 |
||